Development on trial : (Record no. 82836)

MARC details
000 -LEADER
fixed length control field 00677nam a22002057a 4500
005 - DATE AND TIME OF LATEST TRANSACTION
control field 20140425145043.0
010 ## - LCCN (DPL NO)
LC control number ENG-109504
020 ## - INTERNATIONAL STANDARD BOOK NUMBER
Terms of availability 925.00
International Standard Book Number 9788125051305
035 ## - SYSTEM CONTROL NUMBER
System control number EN-93037
037 ## - SOURCE OF ACQUISITION
Source of stock number/acquisition DBAD/PUB
082 ## - DEWEY DECIMAL CLASSIFICATION NUMBER
Classification number 338.91724
245 00 - TITLE STATEMENT
Title Development on trial :
Statement of responsibility, etc edited by Sunanda Sen [and] Anjan Chakrabarti
Remainder of title shrinking space for the periphery /
260 ## - PUBLICATION, DISTRIBUTION, ETC. (IMPRINT)
Place of publication, distribution, etc New Delhi
Name of publisher, distributor, etc Orient Blakswan
Date of publication, distribution, etc 2014
270 ## - ADDRESS
Address 1/24 Asaf Ali Road
City New Delhi
Postal code 110002
300 ## - PHYSICAL DESCRIPTION
Extent xxxvi,432p.
Dimensions 23cm(Hb)
500 ## - GENERAL NOTE
General note Includes bibliographical references and index
700 ## - ADDED ENTRY--PERSONAL NAME
Personal name Sen, Sunanda
700 ## - ADDED ENTRY--PERSONAL NAME
Personal name Chakrabarti, Anjan
942 ## - ADDED ENTRY ELEMENTS (KOHA)
Source of classification or shelving scheme Dewey Decimal Classification
Item type English Books
Call number suffix DEV
Classification part 338.91724
Holdings
Withdrawn status Lost status Not for loan Collection code Home library Current library Date acquired Source of acquisition Cost, normal purchase price Full call number Barcode Copy number Cost, replacement price Koha item type
    Not For Loan Non-fiction D.B.Act.Division D.B.Act.Division 03/03/2014 DBAD/PUB 925.00 338.91724 DEV EN-93037 1 925.00 English Books

© Delhi Public Library
Hit Counter
free hit counter